| 000 | 00382nam a2200133Ia 4500 | ||
|---|---|---|---|
| 008 | 230917s9999||||xx |||||||||||||| ||und|| | ||
| 040 |
_e93175 _aMAIN |
||
| 041 | _aEnglish | ||
| 082 | _a677 D468S | ||
| 100 | _aDeshpande, R C D | ||
| 245 | 0 | _aStudies on the dyeing of a arcyclic fibres with monoaro disperse dyes in aqeous & solvent assisted media | |
| 300 | _a142 p. | ||
| 942 | _cTH | ||
| 999 |
_c72834 _d72834 |
||